| 000 | 01158cad a22002175a 4500 | ||
|---|---|---|---|
| 001 | L144892 | ||
| 008 | 080818s2008 xxkdo f 000 0 eng d | ||
| 035 | _a(Sirsi) u144892 | ||
| 041 | 0 | _aeng | |
| 050 | 0 | 4 | _a333.33 $2 18 |
| 100 | 1 | _aChaudhuri, Atanu | |
| 245 | 0 | 0 |
_aDemystifying investment growth in Indian industries _h[electronic resource] |
| 260 |
_a[S.I] _b[s.n.] _c2008 |
||
| 520 | _aArticle discusses whether manufacturers in India are making the necessary investments to ensure future stability and profitability and suggests that they are instead focusing on short term profitability and cash flow. The report was created through analysis of two hundred automotive components; electronics and chemicals companies and also identifies outperforming and underperforming companies in each of these industries. | ||
| 651 | 4 | _aIndia | |
| 690 | _aPROPERTY-COMMERCIAL PROPERTY-COMMERCIAL PROPERTY MARKET | ||
| 700 | 1 | _aKoudal, Peter | |
| 700 | 1 | _aSeshadri, Shridhar | |
| 856 | 4 | 0 |
_uhttps://www.deloitte.com/assets/Dcom-Global/Local%20Assets/Documents/dtt_sensex_part1(2).pdf _zView the item free of charge online at www.deloitte.com... |
| 942 | _n0 | ||
| 999 |
_c108648 _d108648 |
||